| 000 | 00535nam a2200169 a 4500 | ||
|---|---|---|---|
| 001 | 000022572 | ||
| 005 | 20200930021700.0 | ||
| 008 | 101013s1982 dr r 001 0 spa d | ||
| 040 |
_aDO-SdBNP _bspa _cBNPHU |
||
| 082 |
_axxxx _bR173d |
||
| 100 | 1 |
_aRamirez de Perez, Ivelisse Practs _946461 |
|
| 245 | 1 | 4 |
_aLos días difíciles / _cIvelisse Practs Ramírez de Pérez. |
| 250 | _a2a ed. | ||
| 260 |
_aSanto Domingo : _b[s.n.], _c1982. |
||
| 300 |
_a271 p. ; _c21 cm. |
||
| 500 | _aIncluye datos biográficos del autor en la contracubierta | ||
| 999 |
_c22069 _d22069 |
||